|
|
|
|
| LEADER |
00680nab a2200217 i 4500 |
| 001 |
publ30649 |
| 005 |
20241014114712.0 |
| 008 |
241014s2006 hu o 000 hun d |
| 022 |
|
|
|a 1585-8529
|
| 024 |
7 |
|
|a 1869149
|2 mtmt
|
| 040 |
|
|
|a SZTE Publicatio Repozitórium
|b hun
|
| 041 |
|
|
|a hun
|
| 100 |
1 |
|
|a Csupor Dezső
|
| 245 |
1 |
2 |
|a A szőlő, a bor és az alkohol II. rész
|h [elektronikus dokumentum] /
|c Csupor Dezső
|
| 260 |
|
|
|c 2006
|
| 300 |
|
|
|a 4
|
| 300 |
|
|
|a 54-57
|
| 490 |
0 |
|
|a CSALÁDORVOSI FÓRUM
|v 7 No. 3
|
| 650 |
|
4 |
|a Általános orvostudomány
|
| 700 |
0 |
1 |
|a Szendrei Kálmán
|e aut
|
| 856 |
4 |
0 |
|u http://publicatio.bibl.u-szeged.hu/30649/1/aok_klny_441_06.pdf
|z Dokumentum-elérés
|